| 000 | 00786nam a2200229 i 4500 | ||
|---|---|---|---|
| 001 | 000014141 | ||
| 003 | DO-SdBNP | ||
| 005 | 20250707113852.0 | ||
| 008 | 761008s1976 ohua b 001 0 spa | ||
| 020 | _a0538220600 | ||
| 040 |
_aDO-SdBNP _bspa _cBNPHU |
||
| 100 | 1 |
_aGonzález, Antonio J. _931977 |
|
| 245 | 1 | 0 |
_aTratado moderno de economía general / _cAntonio J González, Domingo Felipe Maza Zavala. |
| 250 | _a2a. ed., rev. y ampliada. | ||
| 260 |
_aCincinnati : _bSouth-Western Pub. Co., _cc1976. |
||
| 300 |
_avi, 568 p. : _bill. ; _c24 cm. |
||
| 504 | _aIncludes bibliographical references and index. | ||
| 650 | 0 |
_aEconomia _985383 |
|
| 700 | 2 |
_aMaza Zavala, Domingo Felipe, _d1922- , _ejoint author. _928872 |
|
| 910 | _aCatalogación por copia / LC | ||
| 942 |
_2ddc _cLBS1 |
||
| 999 |
_c13743 _d13743 |
||